| 000 | 00510nam a2200205 i 4500 | ||
|---|---|---|---|
| 001 | bgj | ||
| 100 | 1 | _aJUDE, Wilhelm K. | |
| 245 | 1 | 0 |
_aDeutsche Grammatik / _cWilhelm K. Jude. |
| 250 | _a9. Aufl. | ||
| 260 |
_aBraunschweig : _bGeorg Westermann Verlag, _c1960. |
||
| 300 |
_a304 s. ; _c21 cm. |
||
| 504 | _aIndeks. | ||
| 650 | 9 |
_aJęzyk niemiecki _xgramatyka |
|
| 040 | _cBPK | ||
| 041 | 0 | _ager | |
| 044 | _aDEU | ||
| 080 | _a811.112.2'36 | ||
| 942 | _cKS | ||
| 008 | s gw f |000 0 ger | ||
| 999 |
_c49467 _d49467 |
||